000 00443nam a2200157 i 4500
001 29074
003 ES-MaACL
005 20230906153955.0
007 t|
008 030121s1962 sp ||||1| spa d
100 1 _aBarbeito y Cerviño, María.
_925401
245 1 3 _aLa Condesa de Noailles /
_cMaría Barbeito.
260 _aMadrid :
_b[s.n.,
_c1962] (
_fImp. Juan Bravo)
300 _a31 p. ;
_c21 cm.
852 _aES-MaACL
_j2029-F-2
_bR.50862
999 _c29074
_d29074